| 000 | 00576nam a22002057a 4500 | ||
|---|---|---|---|
| 999 |
_c6321 _d6321 |
||
| 003 | AR-CdUCM | ||
| 008 | 190314b ||||| |||| 00| 0 spa d | ||
| 040 |
_aMUNICIPALIDAD PROVINCIAL DEL CUSCO _cBIBLIOTECA MUNICIPAL DEL CUSCO |
||
| 082 |
_a869.56 / _bB79 |
||
| 100 |
_aBoza Vega, Adriel _93020 |
||
| 245 | _aLa senda / | ||
| 260 |
_aLima : _bPantigoso, _c 2009. |
||
| 505 | _aPoesia | ||
| 650 |
_aPoesÃas peruanas _91481 |
||
| 650 |
_aLibros peruanos _94203 |
||
| 650 |
_aCusco _9772 |
||
| 710 |
_aAlianza Francesa Cusco _918094 |
||
| 942 |
_2ddc _cLIBROS |
||
| 945 | _awnts | ||